Top 10 Best Italian Footballers Ever - Statistics

General Stats
  • This quiz has been taken 96 times
  • The average score is 7 of 10
Answer Stats
Nr Answer % Correct
4. Gianluigi Buffon
92%
1. Paolo Maldini
89%
5. Alessandro Del Piero
86%
7. Andrea Pirlo
81%
8. Francesco Totti
75%
2. Roberto Baggio
74%
10. Alessandro Nesta
73%
6. Fabio Cannavaro
70%
3. Franco Baresi
62%
9. Giussepe Meazza
33%
No matching quizzes found
Score Distribution
Percent of People with Each Score
Percentile by Number Answered
Your Score History
You have not taken this quiz